| 000 | 00630nam a22001817a 4500 | ||
|---|---|---|---|
| 005 | 20231114133109.0 | ||
| 008 | 231114b |||||||| |||| 00| 0 eng d | ||
| 020 | _a421132108 | ||
| 041 | _aEnglish | ||
| 082 | _a344.6 HUD | ||
| 100 |
_aWallace, IND _lEnglish |
||
| 245 |
_aHudson's Building and Engineering Contracts : _bIncluding the Duties and Liabilities of Architects, Engineers and Surveyors / _cIND Wallace |
||
| 250 | _aTenth Edition | ||
| 260 |
_aLondon : _bSweet and Maxwell, _c1970 |
||
| 300 |
_blxviii, 921 pages ; _c26 cm. |
||
| 650 |
_aLegal practice _bLaw |
||
| 942 |
_cBK _6ALISON_BN_VRIES |
||
| 999 |
_c633 _d633 |
||